Prieluka v meste Nitra
Salvato in:
| Autore principale: | |
|---|---|
| Altri autori: | |
| Natura: | Manoscritto Libro |
| Lingua: | slovacco |
| Pubblicazione: |
2019
|
| Soggetti: | |
| Accesso online: | http://is.stuba.sk/zp/portal_zp.pl?podrobnosti=149122 https://opac.crzp.sk/?fn=detailBiblioForm&sid=F8FE310152E9D1F1EB144141F7FB |
| Tags: |
Nessun Tag, puoi essere il primo ad aggiungerne!!
|
MARC
| LEADER | 00000ntm a22000003a 4500 | ||
|---|---|---|---|
| 001 | stuzp72578 | ||
| 003 | SK-STU | ||
| 005 | 20230531140753.6 | ||
| 007 | ta | ||
| 008 | 150427s2015----xo-----f-mn---000-0-slo-d | ||
| 040 | |a STU |b slo | ||
| 041 | 0 | |a slo | |
| 100 | 1 | |a Kaňuchová, Stanislava |u 010310 |4 aut |U SvF Stavebná fakulta |T SvF Katedra architektúry |X 54656 |U V181|V310 |Y 19 |7 54656 | |
| 242 | 0 | 1 | |a The free space between buildings in the town Nitra |y eng |
| 245 | 1 | 0 | |a Prieluka v meste Nitra |
| 260 | |c 2019 | ||
| 650 | 4 | |a historické centrum |2 slo | |
| 650 | 4 | |a prieluka |2 slo | |
| 650 | 4 | |a administratíva |2 slo | |
| 650 | 4 | |a cafepoint |2 slo | |
| 650 | 4 | |a Nitra |2 slo | |
| 650 | 4 | |a historical center |2 eng | |
| 650 | 4 | |a the vacant lot |2 eng | |
| 650 | 4 | |a cafepoint |2 eng | |
| 650 | 4 | |a Nitra |2 eng | |
| 650 | 4 | |a administrative |2 eng | |
| 700 | 1 | |a Borecká, Eva |u 010310 |k Z1 |4 ths |U SvF Stavebná fakulta |T SvF Katedra architektúry |X 53660 |U V181|V310 |Y 19 |7 A000053660 | |
| 856 | 4 | |u http://is.stuba.sk/zp/portal_zp.pl?podrobnosti=149122 | |
| 856 | 4 | |u https://opac.crzp.sk/?fn=detailBiblioForm&sid=F8FE310152E9D1F1EB144141F7FB | |